<?xml version="1.0" encoding="UTF-8"?>
<record
    xmlns:xsi="http://www.w3.org/2001/XMLSchema-instance"
    xsi:schemaLocation="http://www.loc.gov/MARC21/slim http://www.loc.gov/standards/marcxml/schema/MARC21slim.xsd"
    xmlns="http://www.loc.gov/MARC21/slim">

  <leader>00424nam a2200157Ia 4500</leader>
  <controlfield tag="008">230718s9999    xx            000 0 und d</controlfield>
  <datafield tag="041" ind1=" " ind2=" ">
    <subfield code="a">eng</subfield>
  </datafield>
  <datafield tag="082" ind1=" " ind2=" ">
    <subfield code="a">741.5</subfield>
    <subfield code="b">MCC</subfield>
  </datafield>
  <datafield tag="100" ind1=" " ind2=" ">
    <subfield code="a">McCloud S.</subfield>
    <subfield code="9">165382</subfield>
  </datafield>
  <datafield tag="245" ind1=" " ind2=" ">
    <subfield code="a">Understanding Comics </subfield>
    <subfield code="b">The Invisible Art</subfield>
  </datafield>
  <datafield tag="260" ind1=" " ind2=" ">
    <subfield code="c">1993</subfield>
    <subfield code="b">Harper And Rao</subfield>
  </datafield>
  <datafield tag="300" ind1=" " ind2=" ">
    <subfield code="a">215</subfield>
  </datafield>
  <datafield tag="365" ind1=" " ind2=" ">
    <subfield code="c">Rs.</subfield>
    <subfield code="b">1067.00</subfield>
  </datafield>
  <datafield tag="700" ind1=" " ind2=" ">
    <subfield code="a">McCloud S.</subfield>
    <subfield code="9">165382</subfield>
  </datafield>
  <datafield tag="906" ind1=" " ind2=" ">
    <subfield code="d">B:1112/7.1.0530-Aug-2005</subfield>
    <subfield code="c">OTH</subfield>
    <subfield code="b">160.05</subfield>
  </datafield>
  <datafield tag="999" ind1=" " ind2=" ">
    <subfield code="c">310213</subfield>
    <subfield code="d">310213</subfield>
  </datafield>
  <datafield tag="952" ind1=" " ind2=" ">
    <subfield code="0">0</subfield>
    <subfield code="1">0</subfield>
    <subfield code="4">0</subfield>
    <subfield code="7">0</subfield>
    <subfield code="a">CCEP</subfield>
    <subfield code="b">CCEP</subfield>
    <subfield code="d">2005-03-19</subfield>
    <subfield code="e">Goels Computer Hut</subfield>
    <subfield code="f">OTH</subfield>
    <subfield code="g">906.95</subfield>
    <subfield code="i">1112/7.1.05</subfield>
    <subfield code="l">5</subfield>
    <subfield code="o">741.5</subfield>
    <subfield code="p">CCEP-BK-21420</subfield>
    <subfield code="r">2026-03-14 14:08:28</subfield>
    <subfield code="s">2026-03-02</subfield>
    <subfield code="t">160.05</subfield>
    <subfield code="v">1067.00</subfield>
    <subfield code="w">2005-08-30</subfield>
    <subfield code="y">BK</subfield>
    <subfield code="z">021420</subfield>
  </datafield>
</record>
